000
00298nam a2200121Ia 4500
005
20251222155051.0
008
251222s9999||||xx |||||||||||||| ||spa||
082
_a
EDUM.39.1-2
100
_a
VALER LOPERA,Lucio
245
0
_a
Corrientes pedagógicas contemporáneas
264
_b
UNMSM
942
_c
LIB
999
_c
37304
_d
37304